<?xml version="1.0" encoding="UTF-8"?>
<collection xmlns="http://www.loc.gov/MARC21/slim">
 <record>
  <leader>03255nam a22006497a 4500</leader>
  <controlfield tag="001">000216450</controlfield>
  <controlfield tag="003">CZ-PrVSE</controlfield>
  <controlfield tag="005">20121130223653.0</controlfield>
  <controlfield tag="007">ta</controlfield>
  <controlfield tag="008">120319m19531955xr     fr     000 0dcze d</controlfield>
  <datafield tag="020" ind1=" " ind2=" ">
   <subfield code="q">(Váz.)</subfield>
  </datafield>
  <datafield tag="040" ind1=" " ind2=" ">
   <subfield code="a">ABA006</subfield>
   <subfield code="b">cze</subfield>
   <subfield code="c">ABA006</subfield>
   <subfield code="d">ABA006</subfield>
  </datafield>
  <datafield tag="072" ind1=" " ind2="7">
   <subfield code="a">32</subfield>
   <subfield code="x">Politika</subfield>
   <subfield code="2">Konspekt</subfield>
   <subfield code="9">15</subfield>
  </datafield>
  <datafield tag="072" ind1=" " ind2="9">
   <subfield code="a">320</subfield>
   <subfield code="x">Political science (politics and government)</subfield>
   <subfield code="2">Conspectus</subfield>
   <subfield code="9">15</subfield>
  </datafield>
  <datafield tag="080" ind1=" " ind2=" ">
   <subfield code="a">32-051</subfield>
   <subfield code="2">MRF</subfield>
  </datafield>
  <datafield tag="080" ind1=" " ind2=" ">
   <subfield code="a">32(091)</subfield>
   <subfield code="2">MRF</subfield>
  </datafield>
  <datafield tag="080" ind1=" " ind2=" ">
   <subfield code="a">329.15</subfield>
   <subfield code="2">MRF</subfield>
  </datafield>
  <datafield tag="080" ind1=" " ind2=" ">
   <subfield code="a">323(437)</subfield>
   <subfield code="2">MRF</subfield>
  </datafield>
  <datafield tag="080" ind1=" " ind2=" ">
   <subfield code="a">(437)</subfield>
   <subfield code="2">MRF</subfield>
  </datafield>
  <datafield tag="080" ind1=" " ind2=" ">
   <subfield code="a">(081.1)</subfield>
   <subfield code="2">MRF</subfield>
  </datafield>
  <datafield tag="099" ind1=" " ind2="9">
   <subfield code="a">32GOT</subfield>
  </datafield>
  <datafield tag="100" ind1="1" ind2=" ">
   <subfield code="a">Gottwald, Klement,</subfield>
   <subfield code="d">1896-1953</subfield>
   <subfield code="7">jk01032566</subfield>
   <subfield code="4">aut</subfield>
  </datafield>
  <datafield tag="245" ind1="1" ind2="0">
   <subfield code="a">Spisy /</subfield>
   <subfield code="c">Klement Gottwald</subfield>
  </datafield>
  <datafield tag="250" ind1=" " ind2=" ">
   <subfield code="a">1. vyd.</subfield>
  </datafield>
  <datafield tag="260" ind1=" " ind2=" ">
   <subfield code="a">Praha :</subfield>
   <subfield code="b">Státní nakladatelství politické literatury,</subfield>
   <subfield code="c">1953-1955</subfield>
  </datafield>
  <datafield tag="300" ind1=" " ind2=" ">
   <subfield code="a">8 sv.</subfield>
  </datafield>
  <datafield tag="490" ind1="1" ind2=" ">
   <subfield code="a">Spisy</subfield>
  </datafield>
  <datafield tag="504" ind1=" " ind2=" ">
   <subfield code="a">Obsahuje bibliografické odkazy</subfield>
  </datafield>
  <datafield tag="505" ind1="0" ind2=" ">
   <subfield code="a">sv I. 1925-1929. 1953. 353 s. — sv II. 1930-1931. 1953. 305 s. — sv. VII. 1936. 1953. 306 s. — sv. VIII. 1937-1938. 1953. 293 s. — sv. IX. 1939-1942. 1954. 330 s. — sv. X. 1942-1943. 1954. 359 s. — sv. XI. 1943-1945. 1955. 396 s. — sv. XII. 1945-1946. 1955. 390 s.</subfield>
  </datafield>
  <datafield tag="600" ind1="1" ind2="7">
   <subfield code="a">Gottwald, Klement,</subfield>
   <subfield code="d">1896-1953</subfield>
   <subfield code="7">jk01032566</subfield>
   <subfield code="2">czenas</subfield>
  </datafield>
  <datafield tag="610" ind1="2" ind2="7">
   <subfield code="a">Komunistická strana Československa</subfield>
   <subfield code="7">ko2002139400</subfield>
   <subfield code="2">czenas</subfield>
  </datafield>
  <datafield tag="648" ind1=" " ind2="7">
   <subfield code="a">1918-1948</subfield>
   <subfield code="7">ch501252</subfield>
   <subfield code="2">czenas</subfield>
  </datafield>
  <datafield tag="650" ind1="0" ind2="7">
   <subfield code="a">politici</subfield>
   <subfield code="7">ph115781</subfield>
   <subfield code="2">czenas</subfield>
  </datafield>
  <datafield tag="650" ind1="0" ind2="7">
   <subfield code="a">politické dějiny</subfield>
   <subfield code="7">ph311269</subfield>
   <subfield code="2">czenas</subfield>
  </datafield>
  <datafield tag="650" ind1="0" ind2="7">
   <subfield code="a">komunistické strany</subfield>
   <subfield code="7">ph121771</subfield>
   <subfield code="2">czenas</subfield>
  </datafield>
  <datafield tag="650" ind1="0" ind2="7">
   <subfield code="a">vnitřní politika</subfield>
   <subfield code="7">ph135356</subfield>
   <subfield code="2">czenas</subfield>
  </datafield>
  <datafield tag="651" ind1=" " ind2="7">
   <subfield code="a">Československo</subfield>
   <subfield code="7">ge131689</subfield>
   <subfield code="2">czenas</subfield>
  </datafield>
  <datafield tag="655" ind1=" " ind2="7">
   <subfield code="a">sebrané spisy</subfield>
   <subfield code="7">fd133355</subfield>
   <subfield code="2">czenas</subfield>
  </datafield>
  <datafield tag="650" ind1="0" ind2="9">
   <subfield code="a">politicians</subfield>
   <subfield code="2">eczenas</subfield>
  </datafield>
  <datafield tag="650" ind1="0" ind2="9">
   <subfield code="a">political history</subfield>
   <subfield code="2">eczenas</subfield>
  </datafield>
  <datafield tag="650" ind1="0" ind2="9">
   <subfield code="a">communist parties</subfield>
   <subfield code="2">eczenas</subfield>
  </datafield>
  <datafield tag="650" ind1="0" ind2="9">
   <subfield code="a">internal policy</subfield>
   <subfield code="2">eczenas</subfield>
  </datafield>
  <datafield tag="651" ind1=" " ind2="9">
   <subfield code="a">Czechoslovakia</subfield>
   <subfield code="2">eczenas</subfield>
  </datafield>
  <datafield tag="655" ind1=" " ind2="9">
   <subfield code="a">collected works</subfield>
   <subfield code="2">eczenas</subfield>
  </datafield>
  <datafield tag="800" ind1="1" ind2=" ">
   <subfield code="a">Gottwald, Klement,</subfield>
   <subfield code="d">1953-1955.</subfield>
   <subfield code="t">Spisy</subfield>
  </datafield>
  <datafield tag="910" ind1=" " ind2=" ">
   <subfield code="a">ABA006</subfield>
   <subfield code="b">F211085/I-II, VII-XII</subfield>
   <subfield code="s">sv. I-II, VII-XII</subfield>
   <subfield code="t">v</subfield>
  </datafield>
  <datafield tag="993" ind1=" " ind2=" ">
   <subfield code="a">005526887</subfield>
  </datafield>
  <datafield tag="996" ind1=" " ind2=" ">
   <subfield code="1">PKHD</subfield>
   <subfield code="3">F211085/I</subfield>
   <subfield code="4">N:G</subfield>
   <subfield code="5">3142255977</subfield>
   <subfield code="7">sv. 1</subfield>
   <subfield code="8">20120319</subfield>
   <subfield code="9">32GOT</subfield>
   <subfield code="b">sv. 1</subfield>
   <subfield code="f">83</subfield>
   <subfield code="h">sv. 1</subfield>
   <subfield code="l">UEP01</subfield>
   <subfield code="m">BOOK</subfield>
   <subfield code="q">KHD</subfield>
   <subfield code="t">na dislokovaném</subfield>
   <subfield code="u">UEP01</subfield>
   <subfield code="w">20120405</subfield>
  </datafield>
  <datafield tag="996" ind1=" " ind2=" ">
   <subfield code="1">PKHD</subfield>
   <subfield code="3">F211085/II</subfield>
   <subfield code="4">N:G</subfield>
   <subfield code="5">3142255978</subfield>
   <subfield code="7">sv. 2</subfield>
   <subfield code="8">20120319</subfield>
   <subfield code="9">32GOT</subfield>
   <subfield code="b">sv. 2</subfield>
   <subfield code="f">83</subfield>
   <subfield code="h">sv. 2</subfield>
   <subfield code="l">UEP01</subfield>
   <subfield code="m">BOOK</subfield>
   <subfield code="q">KHD</subfield>
   <subfield code="t">na dislokovaném</subfield>
   <subfield code="u">UEP01</subfield>
   <subfield code="w">20120405</subfield>
  </datafield>
  <datafield tag="996" ind1=" " ind2=" ">
   <subfield code="1">PKHD</subfield>
   <subfield code="3">F211085/IX</subfield>
   <subfield code="4">N:G</subfield>
   <subfield code="5">3142255981</subfield>
   <subfield code="7">sv. 9</subfield>
   <subfield code="8">20120319</subfield>
   <subfield code="9">32GOT</subfield>
   <subfield code="b">sv. 9</subfield>
   <subfield code="f">83</subfield>
   <subfield code="h">sv. 9</subfield>
   <subfield code="l">UEP01</subfield>
   <subfield code="m">BOOK</subfield>
   <subfield code="q">KHD</subfield>
   <subfield code="t">na dislokovaném</subfield>
   <subfield code="u">UEP01</subfield>
   <subfield code="w">20120405</subfield>
  </datafield>
  <datafield tag="996" ind1=" " ind2=" ">
   <subfield code="1">PKHD</subfield>
   <subfield code="3">F211085/VII</subfield>
   <subfield code="4">N:G</subfield>
   <subfield code="5">3142255979</subfield>
   <subfield code="7">sv. 7</subfield>
   <subfield code="8">20120319</subfield>
   <subfield code="9">32GOT</subfield>
   <subfield code="b">sv. 7</subfield>
   <subfield code="f">83</subfield>
   <subfield code="h">sv. 7</subfield>
   <subfield code="l">UEP01</subfield>
   <subfield code="m">BOOK</subfield>
   <subfield code="q">KHD</subfield>
   <subfield code="t">na dislokovaném</subfield>
   <subfield code="u">UEP01</subfield>
   <subfield code="w">20120405</subfield>
  </datafield>
  <datafield tag="996" ind1=" " ind2=" ">
   <subfield code="1">PKHD</subfield>
   <subfield code="3">F211085/VIII</subfield>
   <subfield code="4">N:G</subfield>
   <subfield code="5">3142255980</subfield>
   <subfield code="7">sv. 8</subfield>
   <subfield code="8">20120319</subfield>
   <subfield code="9">32GOT</subfield>
   <subfield code="b">sv. 8</subfield>
   <subfield code="f">83</subfield>
   <subfield code="h">sv. 8</subfield>
   <subfield code="l">UEP01</subfield>
   <subfield code="m">BOOK</subfield>
   <subfield code="q">KHD</subfield>
   <subfield code="t">na dislokovaném</subfield>
   <subfield code="u">UEP01</subfield>
   <subfield code="w">20120405</subfield>
  </datafield>
  <datafield tag="996" ind1=" " ind2=" ">
   <subfield code="1">PKHD</subfield>
   <subfield code="3">F211085/X</subfield>
   <subfield code="4">N:G</subfield>
   <subfield code="5">3142255982</subfield>
   <subfield code="7">sv. 10</subfield>
   <subfield code="8">20120319</subfield>
   <subfield code="9">32GOT</subfield>
   <subfield code="b">sv. 10</subfield>
   <subfield code="f">83</subfield>
   <subfield code="h">sv. 10</subfield>
   <subfield code="l">UEP01</subfield>
   <subfield code="m">BOOK</subfield>
   <subfield code="q">KHD</subfield>
   <subfield code="t">na dislokovaném</subfield>
   <subfield code="u">UEP01</subfield>
   <subfield code="w">20120405</subfield>
  </datafield>
  <datafield tag="996" ind1=" " ind2=" ">
   <subfield code="1">PKHD</subfield>
   <subfield code="3">F211085/XI</subfield>
   <subfield code="4">N:G</subfield>
   <subfield code="5">3142255983</subfield>
   <subfield code="7">sv. 11</subfield>
   <subfield code="8">20120319</subfield>
   <subfield code="9">32GOT</subfield>
   <subfield code="b">sv. 11</subfield>
   <subfield code="f">83</subfield>
   <subfield code="h">sv. 11</subfield>
   <subfield code="l">UEP01</subfield>
   <subfield code="m">BOOK</subfield>
   <subfield code="q">KHD</subfield>
   <subfield code="t">na dislokovaném</subfield>
   <subfield code="u">UEP01</subfield>
   <subfield code="w">20120405</subfield>
  </datafield>
  <datafield tag="996" ind1=" " ind2=" ">
   <subfield code="1">PKHD</subfield>
   <subfield code="3">F211085/XII</subfield>
   <subfield code="4">N:G</subfield>
   <subfield code="5">3142255984</subfield>
   <subfield code="7">sv. 12</subfield>
   <subfield code="8">20120319</subfield>
   <subfield code="9">32GOT</subfield>
   <subfield code="b">sv. 12</subfield>
   <subfield code="f">83</subfield>
   <subfield code="h">sv. 12</subfield>
   <subfield code="l">UEP01</subfield>
   <subfield code="m">BOOK</subfield>
   <subfield code="q">KHD</subfield>
   <subfield code="t">na dislokovaném</subfield>
   <subfield code="u">UEP01</subfield>
   <subfield code="w">20120405</subfield>
  </datafield>
 </record>
</collection>
